Psicologia de la organización (Registro nro. 2241)
[ vista simple ]
| 000 -LEADER | |
|---|---|
| fixed length control field | 01347 a2200229 4500 |
| 001 - CONTROL NUMBER | |
| control field | 32074 |
| 005 - DATE AND TIME OF LATEST TRANSACTION | |
| control field | 20260407155621.0 |
| 008 - FIXED-LENGTH DATA ELEMENTS--GENERAL INFORMATION | |
| fixed length control field | 260407a1982 arg spa d |
| 003 - CONTROL NUMBER IDENTIFIER | |
| control field | AR-UNSa-BCEJYS |
| 040 ## - CATALOGING SOURCE | |
| Original cataloging agency | AR-UNSa-BCEJYS |
| Language of cataloging | spa |
| Transcribing agency | AR-UNSa-BCEJYS |
| 080 ## - UNIVERSAL DECIMAL CLASSIFICATION NUMBER | |
| Universal Decimal Classification number | 658.013 |
| Common auxiliary subdivision | Cuestiones psicológicas (Psicología de la organización) |
| 020 ## - INTERNATIONAL STANDARD BOOK NUMBER | |
| International Standard Book Number | 968-880-056-2 |
| 041 ## - LANGUAGE CODE | |
| Language code of text/sound track or separate title | spa |
| 100 1# - MAIN ENTRY--PERSONAL NAME | |
| Personal name | Schein, Edgar H. |
| 245 10 - TITLE STATEMENT | |
| Title | Psicologia de la organización |
| 264 #1 - PRODUCTION, PUBLICATION, DISTRIBUTION, MANUFACTURE, AND COPYRIGHT NOTICE | |
| Place of production, publication, distribution, manufacture | México : |
| Name of producer, publisher, distributor, manufacturer | Pearson Educación |
| Date of production, publication, distribution, manufacture, or copyright notice | 1982 |
| 300 ## - PHYSICAL DESCRIPTION | |
| Extent | xiii, 252 p. |
| Dimensions | 23 cm. |
| 505 ## - FORMATTED CONTENTS NOTE | |
| Formatted contents note | 1. El individuo y la organización - 2. Los problemas humanos en las organizaciones - 3. La naturaleza humana: ¿por qué es tan evasiva? - 4. Supuestos gerenciales sobre la naturaleza humana - 5. La motivación desde el punto de vista situacional y de desarrollo - 6. La complejidad de la naturaleza humana - 7. ¿Por qué es tan dificil hacer un análisis del liderazgo? - 8. Teorías sobre liderazgo y participación - 9. Estructura y función de los grupos - 10. Problemas intergrupales en las organizaciones - 11. La organización como un sistema abierto y complejo - 12. La organización como un sistema dinamico y en desarrollo - 13. Como aumentar al efectividad organizacional - |
| 590 ## - LOCAL NOTE (RLIN) | |
| Local note | niveau_biblio:m niveau_hierar:0 |
| 700 1# - ADDED ENTRY--PERSONAL NAME | |
| Personal name | Cruz Cardona, Víctor E. |
| 942 ## - ADDED ENTRY ELEMENTS (KOHA) | |
| Koha item type | |
| Withdrawn status | Lost status | Damaged status | Not for loan | Home library | Current library | Shelving location | Date acquired | Total checkouts | Full call number | Barcode | Date last seen | Price effective from | Koha item type |
|---|---|---|---|---|---|---|---|---|---|---|---|---|---|
| Biblioteca Prof. Eusebio Cleto del Rey | Biblioteca Prof. Eusebio Cleto del Rey | 07/04/2026 | 658.013 S318 | L86697 | 07/04/2026 | 07/04/2026 | Libro | ||||||
| Biblioteca Prof. Eusebio Cleto del Rey | Biblioteca Prof. Eusebio Cleto del Rey | 07/04/2026 | 658.013 S318 | L86696 | 07/04/2026 | 07/04/2026 | Libro | ||||||
| Biblioteca Prof. Eusebio Cleto del Rey | Biblioteca Prof. Eusebio Cleto del Rey | 07/04/2026 | 658.013 S318 | L86695 | 07/04/2026 | 07/04/2026 | Libro |